000 00546nam a22001697a 4500
999 _c61121
_d61121
005 20231220171501.0
008 231220s1982 ru ||||| |||| 00| 0 rus d
041 _arus
080 _a910.4(26) Х-35
100 _aХейердал, Тур
_920818
245 _aДревний человек и океан /
_cТур Хейердал.
264 _aМосква :
_bМысль,
_c1982.
300 _a349 с. ;
_b22 см.
440 _aБиблиотечная серия
_920819
653 _aისტორია
942 _2udc
_cᲬᲘᲒᲜᲘ